Movies Quiz

Random Movies or Actor Quiz

Top Billed Actors On IMDb II Quiz Stats

 Plays Quiz Updated Nov 13, 2015

Challenge
Share
Tweet
Embed
Score 0/64 Timer 12:00
4 Plays Today
Movie Actor % Correct
The Wolf of Wall StreetLeonardo DiCaprio
90.9%
Sherlock Holmes (2009)Robert Downey Jr.
89.6%
Night at the Museum 2 Ben Stiller
88.9%
Sherlock Holmes (2009)Jude Law
87.1%
Anchorman: The Legend of Ron BurgundyWill Ferrell
86.5%
The Hunger Games: Catching FireJennifer Lawrence
86.3%
The HangoverBradley Cooper
85.9%
GhostbustersBill Murray
84.1%
Shrek the ThirdMike Myers
83.7%
Alice in Wonderland (2010)Johnny Depp
83.1%
Star Wars: A New HopeHarrison Ford
79.1%
The GodfatherAl Pacino
79.1%
Shrek the ThirdEddie Murphy
78.9%
Shrek the ThirdCameron Diaz
78.6%
The GodfatherMarlon Brando
76.4%
LOTR: The Fellowship of the
Ring
Elijah Wood
71.2%
Star Wars: A New HopeCarrie Fisher
70.3%
The Amazing Spider-Man 2Emma Stone
66.4%
Star Wars: A New HopeMark Hamill
66.4%
Captain America: The Winter SoldierChris Evans
65%
The Wolf of Wall StreetJonah Hill
64.5%
Anchorman: The Legend of Ron BurgundySteve Carell
63.5%
The Untouchables Robert De Niro
63.4%
Batman ForeverVal Kilmer
63.1%
The Amazing Spider-Man 2Andrew Garfield
62.5%
GhostbustersDan Aykroyd
61.9%
Anchorman: The Legend of Ron BurgundyPaul Rudd
59.2%
The HangoverEd Helms
56.1%
LOTR: The Fellowship of the
Ring
Ian McKellen
55.8%
The Untouchables Kevin Costner
54.6%
Batman ForeverTommy Lee Jones
52.6%
Night at the Museum 2 Owen Wilson
52.5%
Movie Actor % Correct
Alice in Wonderland (2010)Helena Bonham Carter
52.4%
Batman ForeverJim Carrey
51.8%
Anchorman: The Legend of Ron BurgundyChristina Applegate
49.6%
The Hunger Games: Catching FireLiam Hemsworth
47.4%
LOTR: The Fellowship of the
Ring
Orlando Bloom
47.1%
The Untouchables Sean Connery
46.4%
The HangoverZach Galifianakis
46.1%
The GodfatherJames Caan
43.8%
The GodfatherDiane Keaton
43.6%
Captain America: The Winter SoldierSamuel L. Jackson
41.9%
Sherlock Holmes (2009)Rachel McAdams
40.4%
GhostbustersSigourney Weaver
40%
The Wolf of Wall StreetMargot Robbie
39.1%
Captain America: The Winter SoldierScarlett Johansson
39%
Shrek the ThirdAntonio Banderas
38%
GhostbustersHarold Ramis
37.6%
Star Wars: A New HopeAlec Guinness
33.9%
The Amazing Spider-Man 2Jamie Foxx
33.1%
Batman ForeverNicole Kidman
31.9%
Night at the Museum 2 Amy Adams
31.6%
The Hunger Games: Catching FireJosh Hutcherson
30.6%
LOTR: The Fellowship of the
Ring
Sean Bean
26.8%
Alice in Wonderland (2010)Anne Hathaway
25.2%
The Hunger Games: Catching FirePhilip Seymour Hoffman
21.4%
The Wolf of Wall StreetMatthew McConaughey
18.8%
Alice in Wonderland (2010)Mia Wasikowska
18%
Captain America: The Winter SoldierRobert Redford
17.1%
The HangoverJustin Bartha
16.5%
Sherlock Holmes (2009)Mark Strong
15.1%
The Untouchables Charles Martin Smith
15%
Night at the Museum 2 Hank Azaria
9.7%
The Amazing Spider-Man 2Paul Giamatti
8.7%

You're not logged in!

Compare scores with friends on all Sporcle quizzes.
Join for Free
OR
Log In

You Might Also Like...

Show Comments

Extras

Top Quizzes Today


Score Distribution

Your Account Isn't Verified!

In order to create a playlist on Sporcle, you need to verify the email address you used during registration. Go to your Sporcle Settings to finish the process.

Report this User

Report this user for behavior that violates our Community Guidelines.

Details: